[Event "FRA-ch Open A-D 2018"]
[Site "Nimes"]
[Date "2018.08.20"]
[Round "3"]
[White "Ruch, Bernard"]
[Black "Destic, Pablo"]
[Result "1/2-1/2"]
[WhiteElo "1889"]
[BlackElo "1921"]
[Annotator "NA"]
[PlyCount "125"]
[EventDate "2018.08.18"]
[EventType "tourn"]
[EventCountry "FRA"]
[SourceTitle "playchess.com"]
[Source "ChessBase"]
[SourceQuality "1"]
[TimeControl "40/5400+30:1800+30"]

1. d4 {[%emt 0:00:00]} g6 {[%emt 0:00:00]} 2. e3 {[%emt 0:01:58]} Bg7 {[%emt 0:01:30]} 3. c3 {[%emt 0:01:20]} Nf6 {[%emt 0:01:54]} 4. Nd2 {[%emt 0:00:39]} d5 {[%emt 0:02:04]} 5. Be2 {[%emt 0:01:13]} O-O {[%emt 0:04:26]} 6. h4 {[%emt 0:00:46]} c5 {[%emt 0:05:58]} 7. h5 {[%emt 0:03:13]} Nc6 {[%emt 0:02:36]} 8. hxg6 {[%emt 0:00:50]} fxg6 {[%emt 0:01:22]} 9. Nh3 {[%emt 0:05:06]} Bxh3 {[%emt 0:05:53]} 10. Rxh3 {[%emt 0:00:35]} cxd4 {[%emt 0:02:14]} 11. exd4 {[%emt 0:01:23]} e5 {[%emt 0:01:35]} 12. dxe5 {[%emt 0:04:46]} Nxe5 {[%emt 0:00:58]} 13. Nf3 {[%emt 0:01:45]} Ne4 {[%emt 0:10:22]} 14. Be3 {[%emt 0:04:29]} Ng4 {[%emt 0:06:25]} 15. Qb3 {[%emt 0:02:00]} Nxe3 {[%emt 0:05:59]} 16. fxe3 {[%emt 0:00:51]} Nc5 {[%emt 0:06:01]} 17. Qb4 {[%emt 0:06:16]} Qe7 {[%emt 0:05:44]} 18. Qh4 {[%emt 0:04:58]} Qxh4+ {[%emt 0:09:14]} 19. Rxh4 {[%emt 0:04:03]} Rae8 {[%emt 0:01:39]} 20. Rd1 {[%emt 0:01:07]} Rxe3 {[%emt 0:03:02]} 21. Rxd5 {[%emt 0:01:08]} Rfe8 {[%emt 0:02:50]} 22. Rd2 {[%emt 0:10:57]} Ne4 {[%emt 0:05:10]} 23. Rc2 {[%emt 0:00:24]} g5 {[%emt 0:01:26]} 24. Rxe4 {[%emt 0:02:30]} R8xe4 {[%emt 0:01:58]} 25. Nxg5 {[%emt 0:00:53]} Re7 {[%emt 0:00:21]} 26. Kf2 {[%emt 0:00:59]} Bh6 {[%emt 0:01:42]} 27. Nf3 {[%emt 0:03:24]} Bf4 {[%emt 0:01:20]} 28. Bc4+ {[%emt 0:00:51]} Kg7 {[%emt 0:00:15]} 29. Bd5 {[%emt 0:00:33]} Rd7 {[%emt 0:02:36]} 30. c4 {[%emt 0:00:23]} b6 {[%emt 0:01:28]} 31. g3 {[%emt 0:01:26]} Bh6 {[%emt 0:00:05]} 32. Nh4 {[%emt 0:02:40]} Re5 {[%emt 0:00:52]} 33. Kg2 {[%emt 0:00:33]} Be3 {[%emt 0:01:39]} 34. Nf3 {[%emt 0:03:02]} Ree7 {[%emt 0:00:29]} 35. b3 {[%emt 0:01:14]} Bc5 {[%emt 0:01:34]} 36. Ng5 {[%emt 0:01:22]} Re5 {[%emt 0:00:58]} 37. Ne6+ {[%emt 0:01:24]} Kf6 {[%emt 0:00:10]} 38. Nf4 {[%emt 0:01:53]} Rg7 {[%emt 0:01:19]} 39. Bf3 {[%emt 0:00:44]} Ke7 {[%emt 0:01:33]} 40. Nd5+ {[%emt 0:01:56]} Kf7 {[%emt 0:00:40]} 41. b4 {[%emt 0:32:41]} Bd4 {[%emt 0:31:29]} 42. c5 {[%emt 0:05:24]} bxc5 {[%emt 0:00:28]} 43. bxc5 {[%emt 0:00:13]} Reg5 {[%emt 0:00:07]} 44. g4 {[%emt 0:02:20]} h5 {[%emt 0:00:22]} 45. c6 {[%emt 0:00:20]} hxg4 {[%emt 0:00:24]} 46. Be4 {[%emt 0:00:25]} Be5 {[%emt 0:00:35]} 47. c7 {[%emt 0:00:49]} Bxc7 {[%emt 0:00:07]} 48. Rxc7+ {[%emt 0:00:13]} Ke6 {[%emt 0:00:15]} 49. Rc5 {[%emt 0:03:51]} Ke5 {[%emt 0:00:58]} 50. Rc4 {[%emt 0:03:26]} Rd7 {[%emt 0:00:13]} 51. Ra4 {[%emt 0:02:12]} Rgg7 {[%emt 0:00:35]} 52. Nc3 {[%emt 0:00:32]} Rd4 {[%emt 0:00:18]} 53. Ra5+ {[%emt 0:00:44]} Kf4 {[%emt 0:00:17]} 54. Rf5+ {[%emt 0:02:48]} Ke3 {[%emt 0:00:08]} 55. Bb1 {[%emt 0:00:13]} Rb7 {[%emt 0:01:23]} 56. Kg3 {[%emt 0:03:02]} Rc4 {[%emt 0:01:27]} 57. Nb5 {[%emt 0:02:42]} Rb4 {[%emt 0:01:12]} 58. Re5+ {[%emt 0:00:00]} Kd2 {[%emt 0:00:00]} 59. Rd5+ {[%emt 0:00:00]} Kc1 {[%emt 0:00:00]} 60. Bd3 {[%emt 0:00:00]} Kb2 {[%emt 0:00:00]} 61. Nd6 {[%emt 0:00:00]} Rc7 {[%emt 0:00:00]} 62. Ne4 {[%emt 0:00:00]} Kxa2 {[%emt 0:00:00]} 63. Kxg4 {[%emt 0:00:00]} 1/2-1/2

[Event "FRA-ch Open A-D 2018"]
[Site "Nimes"]
[Date "2018.08.20"]
[Round "3"]
[White "Aumont, Eric"]
[Black "Silvera, Ruben"]
[Result "0-1"]
[WhiteElo "1745"]
[BlackElo "1688"]
[Annotator "NA"]
[PlyCount "82"]
[EventDate "2018.08.18"]
[EventType "tourn"]
[EventCountry "FRA"]
[SourceTitle "playchess.com"]
[Source "ChessBase"]
[SourceQuality "1"]
[TimeControl "40/5400+30:1800+30"]

1. c4 {[%emt 0:00:00]} Nf6 {[%emt 0:00:00]} 2. Nc3 {[%emt 0:00:00]} c5 {[%emt 0:00:00]} 3. g3 {[%emt 0:00:08]} g6 {[%emt 0:00:08]} 4. Bg2 {[%emt 0:00:12]} Bg7 {[%emt 0:00:12]} 5. Nf3 {[%emt 0:00:30]} Nc6 {[%emt 0:00:15]} 6. O-O {[%emt 0:00:46]} O-O {[%emt 0:00:14]} 7. e4 {[%emt 0:05:51]} d6 {[%emt 0:02:09]} 8. d3 {[%emt 0:01:27]} Bg4 {[%emt 0:06:30]} 9. h3 {[%emt 0:00:31]} Bxf3 {[%emt 0:00:32]} 10. Bxf3 {[%emt 0:01:51]} Nd4 {[%emt 0:00:21]} 11. Bg2 {[%emt 0:03:29]} a6 {[%emt 0:00:57]} 12. Ne2 {[%emt 0:07:10]} Nxe2+ {[%emt 0:10:09]} 13. Qxe2 {[%emt 0:00:12]} Qc7 {[%emt 0:07:50]} 14. Bd2 {[%emt 0:06:53]} e5 {[%emt 0:02:45]} 15. f4 {[%emt 0:05:36]} exf4 {[%emt 0:00:23]} 16. gxf4 {[%emt 0:00:36]} b5 {[%emt 0:02:01]} 17. Be3 {[%emt 0:11:06]} Nd7 {[%emt 0:14:04]} 18. Rac1 {[%emt 0:10:51]} b4 {[%emt 0:05:12]} 19. Qf2 {[%emt 0:05:27]} Rae8 {[%emt 0:05:57]} 20. Bf3 {[%emt 0:06:56]} f5 {[%emt 0:01:24]} 21. Kh1 {[%emt 0:08:36]} Nb8 {[%emt 0:04:26]} 22. e5 {[%emt 0:01:49]} Nd7 {[%emt 0:02:51]} 23. exd6 {[%emt 0:02:21]} Qxd6 {[%emt 0:00:10]} 24. Bd5+ {[%emt 0:00:37]} Kh8 {[%emt 0:00:04]} 25. d4 {[%emt 0:01:34]} Rxe3 {[%emt 0:07:37]} 26. Qxe3 {[%emt 0:00:29]} Bxd4 {[%emt 0:00:09]} 27. Qe2 {[%emt 0:02:25]} Nf6 {[%emt 0:00:21]} 28. Qg2 {[%emt 0:01:38]} Nh5 {[%emt 0:06:47]} 29. Rce1 {[%emt 0:00:44]} Nxf4 {[%emt 0:02:15]} 30. Qg3 {[%emt 0:00:38]} g5 {[%emt 0:00:06]} 31. Re6 {[%emt 0:01:03]} Qd7 {[%emt 0:00:57]} 32. Rxf4 {[%emt 0:00:58]} gxf4 {[%emt 0:00:55]} 33. Qxf4 {[%emt 0:00:40]} Qg7 {[%emt 0:01:28]} 34. Bg2 {[%emt 0:01:17]} Bxb2 {[%emt 0:01:43]} 35. Rxa6 {[%emt 0:01:46]} Qe7 {[%emt 0:03:41]} 36. Qf3 {[%emt 0:04:25]} Qe1+ {[%emt 0:02:36]} 37. Qf1 {[%emt 0:00:32]} Re8 {[%emt 0:03:02]} 38. Rd6 {[%emt 0:04:59]} Bd4 {[%emt 0:01:37]} 39. Rd7 {[%emt 0:02:14]} Qg3 {[%emt 0:06:32]} 40. Qxf5 {[%emt 0:01:09]} Re1+ {[%emt 0:00:21]} 41. Bf1 {[%emt 0:30:07]} Qg1# {[%emt 0:30:16]} 0-1

[Event "FRA-ch Open A-D 2018"]
[Site "Nimes"]
[Date "2018.08.20"]
[Round "3"]
[White "Auffray-Bonnet, Gaspard"]
[Black "Arcusa, Michel"]
[Result "1-0"]
[WhiteElo "1736"]
[BlackElo "1651"]
[Annotator "NA"]
[PlyCount "55"]
[EventDate "2018.08.18"]
[EventType "tourn"]
[EventCountry "FRA"]
[SourceTitle "playchess.com"]
[Source "ChessBase"]
[SourceQuality "1"]
[TimeControl "40/5400+30:1800+30"]

1. e4 {[%emt 0:00:24]} c5 {[%emt 0:00:00]} 2. Nf3 {[%emt 0:00:08]} Nc6 {[%emt 0:00:00]} 3. d4 {[%emt 0:00:12]} cxd4 {[%emt 0:00:00]} 4. Nxd4 {[%emt 0:00:09]} e6 {[%emt 0:00:00]} 5. Nc3 {[%emt 0:00:25]} a6 6. Be2 {[%emt 0:01:36]} Nf6 {[%emt 0:00:08]} 7. Nxc6 {[%emt 0:00:27]} bxc6 {[%emt 0:00:12]} 8. O-O {[%emt 0:00:50]} Qc7 {[%emt 0:00:37]} 9. Be3 {[%emt 0:01:13]} Bb4 {[%emt 0:02:34]} 10. Qd4 {[%emt 0:03:44]} Be7 {[%emt 0:06:55]} 11. e5 {[%emt 0:08:10]} Nd5 {[%emt 0:01:46]} 12. Nxd5 {[%emt 0:03:13]} cxd5 {[%emt 0:02:45]} 13. c4 {[%emt 0:02:01]} Bb7 {[%emt 0:04:14]} 14. Rac1 {[%emt 0:01:30]} Qa5 {[%emt 0:12:29]} 15. c5 {[%emt 0:04:47]} f5 {[%emt 0:08:58]} 16. g4 {[%emt 0:06:27]} g6 {[%emt 0:09:04]} 17. gxf5 {[%emt 0:00:32]} gxf5 {[%emt 0:00:10]} 18. Bh5+ {[%emt 0:00:16]} Kd8 {[%emt 0:00:13]} 19. Bd2 {[%emt 0:05:23]} Qxa2 {[%emt 0:10:23]} 20. c6 {[%emt 0:01:55]} Kc7 {[%emt 0:24:32]} 21. cxb7+ {[%emt 0:00:43]} Kxb7 {[%emt 0:00:01]} 22. Bb4 {[%emt 0:01:28]} Qa4 {[%emt 0:06:14]} 23. Rc7+ {[%emt 0:01:41]} Kxc7 {[%emt 0:02:32]} 24. Bd6+ {[%emt 0:00:07]} Bxd6 {[%emt 0:00:10]} 25. exd6+ {[%emt 0:00:07]} Kxd6 {[%emt 0:00:48]} 26. Qxa4 {[%emt 0:00:09]} Rhg8+ {[%emt 0:00:30]} 27. Kh1 {[%emt 0:00:07]} Rg5 {[%emt 0:00:07]} 28. Qd1 1-0

[Event "FRA-ch Open A-D 2018"]
[Site "Nimes"]
[Date "2018.08.20"]
[Round "3"]
[White "Alashtar, Aasef"]
[Black "Jangwa, Valentin"]
[Result "1-0"]
[WhiteElo "1724"]
[BlackElo "1648"]
[Annotator "NA"]
[PlyCount "125"]
[EventDate "2018.08.18"]
[EventType "tourn"]
[EventCountry "FRA"]
[SourceTitle "playchess.com"]
[Source "ChessBase"]
[SourceQuality "1"]
[TimeControl "40/5400+30:1800+30"]

1. Nf3 {[%emt 0:00:00]} Nf6 {[%emt 0:10:55]} 2. g3 {[%emt 0:00:25]} c6 {[%emt 0:00:09]} 3. Bg2 {[%emt 0:00:38]} d5 {[%emt 0:00:04]} 4. b3 {[%emt 0:00:29]} g6 {[%emt 0:00:12]} 5. Bb2 {[%emt 0:00:41]} Bg7 {[%emt 0:00:06]} 6. O-O {[%emt 0:00:34]} O-O {[%emt 0:00:04]} 7. c4 {[%emt 0:01:46]} Be6 {[%emt 0:00:25]} 8. cxd5 {[%emt 0:06:13]} Bxd5 {[%emt 0:00:13]} 9. d3 {[%emt 0:00:32]} Be6 {[%emt 0:00:35]} 10. Ng5 {[%emt 0:02:36]} Bd7 {[%emt 0:00:28]} 11. Nd2 {[%emt 0:03:41]} Qc8 {[%emt 0:00:47]} 12. Re1 {[%emt 0:03:39]} Bg4 {[%emt 0:00:12]} 13. f3 {[%emt 0:09:14]} Bd7 {[%emt 0:00:10]} 14. Qc1 {[%emt 0:10:14]} Na6 {[%emt 0:02:28]} 15. Nc4 {[%emt 0:03:53]} Nb4 {[%emt 0:00:45]} 16. Qd2 {[%emt 0:02:50]} Na6 {[%emt 0:02:14]} 17. Rac1 {[%emt 0:04:52]} Qd8 {[%emt 0:01:58]} 18. f4 {[%emt 0:03:53]} Nc7 {[%emt 0:01:09]} 19. e4 {[%emt 0:01:47]} h6 {[%emt 0:04:16]} 20. Nf3 {[%emt 0:00:46]} Be6 {[%emt 0:01:15]} 21. Nce5 {[%emt 0:05:08]} Nb5 {[%emt 0:04:15]} 22. a4 {[%emt 0:03:23]} Nc7 {[%emt 0:00:51]} 23. Nd4 {[%emt 0:01:04]} Bc8 {[%emt 0:04:44]} 24. b4 {[%emt 0:07:09]} Ng4 {[%emt 0:00:54]} 25. Ndf3 {[%emt 0:01:09]} a6 {[%emt 0:02:25]} 26. h3 {[%emt 0:00:47]} Nxe5 {[%emt 0:04:07]} 27. fxe5 {[%emt 0:03:00]} Ne6 {[%emt 0:01:52]} 28. a5 {[%emt 0:03:38]} Qd7 {[%emt 0:00:41]} 29. d4 {[%emt 0:00:58]} Nc7 {[%emt 0:00:43]} 30. Qe3 {[%emt 0:01:50]} e6 {[%emt 0:00:41]} 31. Nd2 {[%emt 0:00:37]} Qe7 {[%emt 0:00:24]} 32. Nc4 {[%emt 0:01:22]} Kh7 {[%emt 0:01:19]} 33. Rc2 {[%emt 0:03:48]} Nb5 {[%emt 0:00:47]} 34. Bc3 {[%emt 0:02:03]} Nxc3 {[%emt 0:00:23]} 35. Qxc3 {[%emt 0:00:09]} Qg5 {[%emt 0:00:17]} 36. Rf2 {[%emt 0:02:26]} Rb8 {[%emt 0:00:07]} 37. h4 {[%emt 0:01:17]} Qe7 {[%emt 0:00:04]} 38. Ref1 {[%emt 0:00:57]} Bd7 {[%emt 0:00:20]} 39. Nd6 {[%emt 0:01:02]} Be8 {[%emt 0:00:12]} 40. Bh3 {[%emt 0:01:58]} Rd8 {[%emt 0:00:41]} 41. Qc5 {[%emt 0:30:35]} Rd7 {[%emt 1:10:37]} 42. Kh2 {[%emt 0:01:24]} Rc7 {[%emt 0:00:39]} 43. Qb6 {[%emt 0:04:12]} Rd7 {[%emt 0:04:36]} 44. Nc8 {[%emt 0:00:00]} Qd8 {[%emt 0:00:00]} 45. Qxd8 {[%emt 0:00:00]} Rxd8 {[%emt 0:00:00]} 46. Nd6 {[%emt 0:00:00]} Kg8 {[%emt 0:00:00]} 47. Kg2 {[%emt 0:00:00]} h5 {[%emt 0:00:00]} 48. Rd1 {[%emt 0:00:00]} Rb8 {[%emt 0:00:00]} 49. Nc4 {[%emt 0:00:00]} Rd8 50. Kf1 Bh6 {[%emt 0:00:00]} 51. Ke2 {[%emt 0:00:00]} Bg7 {[%emt 0:00:00]} 52. Ke3 {[%emt 0:00:00]} Bh6+ {[%emt 0:00:00]} 53. Kd3 {[%emt 0:00:00]} Kh7 {[%emt 0:00:00]} 54. Rdf1 {[%emt 0:00:00]} Rg8 {[%emt 0:02:09]} 55. Nd6 {[%emt 0:00:00]} f5 {[%emt 0:07:00]} 56. exf6 {[%emt 0:04:03]} Rxd6 {[%emt 0:03:29]} 57. e5 {[%emt 0:00:25]} Rd8 58. f7 {[%emt 0:00:00]} Bxf7 {[%emt 0:02:07]} 59. Rxf7+ {[%emt 0:00:17]} Rg7 {[%emt 0:00:10]} 60. Bxe6 {[%emt 0:01:12]} Rb8 {[%emt 0:01:04]} 61. Rf8 {[%emt 0:01:22]} Rxf8 {[%emt 0:00:30]} 62. Rxf8 b6 {[%emt 0:02:28]} 63. axb6 {[%emt 0:00:21]} 1-0

[Event "FRA-ch Open A-D 2018"]
[Site "Nimes"]
[Date "2018.08.20"]
[Round "3"]
[White "Saugrain, Jean-Maxime"]
[Black "Sylvestre-Baron, Laurent"]
[Result "1-0"]
[WhiteElo "1682"]
[BlackElo "1730"]
[Annotator "NA"]
[PlyCount "111"]
[EventDate "2018.08.18"]
[EventType "tourn"]
[EventCountry "FRA"]
[SourceTitle "playchess.com"]
[Source "ChessBase"]
[SourceQuality "1"]
[TimeControl "40/5400+30:1800+30"]

1. c4 {[%emt 0:00:00]} Nf6 {[%emt 0:00:00]} 2. d4 {[%emt 0:00:06]} g6 {[%emt 0:00:00]} 3. Nc3 {[%emt 0:00:18]} Bg7 {[%emt 0:00:00]} 4. e4 {[%emt 0:00:44]} d6 {[%emt 0:00:00]} 5. f4 {[%emt 0:02:13]} Na6 {[%emt 0:01:00]} 6. Nf3 {[%emt 0:01:27]} c5 {[%emt 0:02:44]} 7. d5 {[%emt 0:00:41]} O-O {[%emt 0:02:55]} 8. Bd3 {[%emt 0:02:30]} Bg4 {[%emt 0:02:43]} 9. h3 {[%emt 0:01:45]} Bd7 {[%emt 0:00:32]} 10. g4 {[%emt 0:12:32]} Nb4 {[%emt 0:09:13]} 11. f5 {[%emt 0:11:27]} Qa5 {[%emt 0:01:52]} 12. O-O {[%emt 0:11:32]} b5 {[%emt 0:17:18]} 13. Nxb5 {[%emt 0:04:44]} Bxb5 {[%emt 0:05:19]} 14. cxb5 {[%emt 0:01:55]} Nxd3 {[%emt 0:04:04]} 15. Qxd3 {[%emt 0:03:10]} Qb4 {[%emt 0:05:34]} 16. Re1 {[%emt 0:03:00]} c4 17. Qc2 {[%emt 0:00:58]} Qxb5 {[%emt 0:03:10]} 18. Bd2 Nd7 {[%emt 0:16:57]} 19. Bc3 {[%emt 0:06:42]} Bxc3 {[%emt 0:01:57]} 20. Qxc3 {[%emt 0:14:44]} Nc5 {[%emt 0:01:37]} 21. Re2 {[%emt 0:01:53]} Nd3 {[%emt 0:02:03]} 22. Kh2 {[%emt 0:00:28]} Rab8 {[%emt 0:07:09]} 23. Nd4 {[%emt 0:01:20]} Qb6 24. Nc6 Rb7 {[%emt 0:00:50]} 25. Rb1 {[%emt 0:02:11]} Nf4 {[%emt 0:01:41]} 26. Rc2 {[%emt 0:02:29]} f6 27. Re1 {[%emt 0:01:13]} g5 {[%emt 0:04:43]} 28. Qxc4 {[%emt 0:01:09]} Kg7 {[%emt 0:02:27]} 29. Nd4 {[%emt 0:01:46]} Rc7 {[%emt 0:04:15]} 30. Qxc7 {[%emt 0:01:04]} Qxd4 {[%emt 0:01:30]} 31. Qc3 {[%emt 0:01:14]} Qa4 32. Qc4 {[%emt 0:00:50]} Qa5 {[%emt 0:00:46]} 33. Re3 {[%emt 0:00:09]} Qb6 {[%emt 0:00:27]} 34. Rf3 {[%emt 0:00:34]} h5 {[%emt 0:01:45]} 35. gxh5 {[%emt 0:00:19]} Kh6 {[%emt 0:01:50]} 36. Qc7 {[%emt 0:00:27]} Qxc7 {[%emt 0:00:54]} 37. Rxc7 {[%emt 0:00:06]} Rf7 {[%emt 0:00:34]} 38. Rxa7 {[%emt 0:00:12]} Kxh5 {[%emt 0:00:04]} 39. Ra8 {[%emt 0:00:56]} Rh7 {[%emt 0:00:01]} 40. Rb3 {[%emt 0:00:51]} g4 {[%emt 0:00:28]} 41. Raa3 {[%emt 0:33:45]} Kg5 {[%emt 0:31:12]} 42. Rg3 {[%emt 0:02:20]} Nxh3 {[%emt 0:00:18]} 43. Rxh3 {[%emt 0:00:13]} gxh3 {[%emt 0:00:45]} 44. Rxh3 {[%emt 0:00:06]} Rxh3+ {[%emt 0:00:40]} 45. Kxh3 {[%emt 0:00:06]} Kf4 {[%emt 0:00:12]} 46. a4 {[%emt 0:01:06]} Kxe4 {[%emt 0:00:06]} 47. a5 {[%emt 0:00:35]} Kxd5 {[%emt 0:00:12]} 48. a6 {[%emt 0:00:11]} Kc6 {[%emt 0:00:08]} 49. b4 {[%emt 0:00:02]} Kb6 {[%emt 0:00:17]} 50. b5 {[%emt 0:00:09]} Ka7 {[%emt 0:00:26]} 51. Kg3 Kb6 {[%emt 0:00:10]} 52. Kf4 {[%emt 0:00:24]} Ka7 {[%emt 0:00:05]} 53. Ke4 {[%emt 0:00:13]} Kb6 {[%emt 0:00:04]} 54. Kd5 {[%emt 0:00:16]} Ka7 {[%emt 0:00:09]} 55. Kc6 {[%emt 0:00:14]} d5 {[%emt 0:00:40]} 56. Kxd5 {[%emt 0:00:11]} 1-0

[Event "FRA-ch Open A-D 2018"]
[Site "Nimes"]
[Date "2018.08.20"]
[Round "3"]
[White "Marcellier, Clement"]
[Black "Plumat, Thibaud"]
[Result "0-1"]
[WhiteElo "1491"]
[BlackElo "1400"]
[Annotator "NA"]
[PlyCount "92"]
[EventDate "2018.08.18"]
[EventType "tourn"]
[EventCountry "FRA"]
[SourceTitle "playchess.com"]
[Source "ChessBase"]
[SourceQuality "1"]
[TimeControl "40/5400+30:1800+30"]

1. e4 {[%emt 0:00:00]} g6 {[%emt 0:07:02]} 2. d4 {[%emt 0:00:16]} Bg7 {[%emt 0:00:02]} 3. Nf3 {[%emt 0:01:13]} d6 {[%emt 0:00:01]} 4. Bc4 {[%emt 0:01:08]} Nd7 {[%emt 0:00:45]} 5. c3 {[%emt 0:04:21]} e6 {[%emt 0:01:09]} 6. Bb3 {[%emt 0:06:19]} b6 {[%emt 0:02:23]} 7. Bg5 {[%emt 0:00:31]} Ne7 {[%emt 0:00:49]} 8. Nbd2 {[%emt 0:00:33]} h6 {[%emt 0:01:43]} 9. Bh4 {[%emt 0:02:14]} Bb7 {[%emt 0:00:39]} 10. O-O {[%emt 0:00:50]} O-O {[%emt 0:00:48]} 11. Re1 {[%emt 0:04:16]} a6 {[%emt 0:02:24]} 12. h3 {[%emt 0:03:41]} Kh7 {[%emt 0:02:15]} 13. Qc2 {[%emt 0:10:38]} Qe8 {[%emt 0:06:52]} 14. Rad1 {[%emt 0:03:35]} Rc8 {[%emt 0:00:44]} 15. Qb1 {[%emt 0:02:07]} Kh8 {[%emt 0:06:38]} 16. Qd3 {[%emt 0:07:29]} e5 {[%emt 0:13:21]} 17. d5 {[%emt 0:02:35]} Nc5 {[%emt 0:04:13]} 18. Qe3 {[%emt 0:05:05]} g5 {[%emt 0:03:32]} 19. Bxg5 {[%emt 0:09:16]} hxg5 {[%emt 0:00:07]} 20. Qxg5 {[%emt 0:00:18]} f6 {[%emt 0:02:57]} 21. Qh4+ {[%emt 0:01:13]} Kg8 {[%emt 0:00:38]} 22. Bc2 {[%emt 0:03:37]} Qg6 {[%emt 0:02:26]} 23. b4 {[%emt 0:01:36]} Nd7 {[%emt 0:00:02]} 24. Bd3 {[%emt 0:03:20]} Kf7 {[%emt 0:00:35]} 25. g4 {[%emt 0:06:23]} Rh8 {[%emt 0:00:02]} 26. Qg3 {[%emt 0:00:05]} Qh6 {[%emt 0:00:07]} 27. h4 {[%emt 0:03:16]} Ng6 {[%emt 0:02:15]} 28. h5 {[%emt 0:01:27]} Nf4 {[%emt 0:00:35]} 29. Bc4 {[%emt 0:01:43]} Rcg8 {[%emt 0:01:02]} 30. Kf1 {[%emt 0:02:05]} Bf8 {[%emt 0:00:19]} 31. Qh4 {[%emt 0:01:05]} Be7 {[%emt 0:00:36]} 32. Re3 {[%emt 0:04:06]} f5 {[%emt 0:01:00]} 33. g5 {[%emt 0:00:14]} Qxh5 {[%emt 0:01:17]} 34. Qxh5+ {[%emt 0:00:35]} Rxh5 {[%emt 0:00:01]} 35. exf5 {[%emt 0:03:17]} Rh1+ {[%emt 0:00:15]} 36. Ng1 {[%emt 0:00:05]} Rxg5 {[%emt 0:00:03]} 37. Ndf3 {[%emt 0:01:09]} Rxf5 {[%emt 0:00:52]} 38. Bd3 {[%emt 0:01:46]} Rfh5 {[%emt 0:01:37]} 39. Bc4 {[%emt 0:01:03]} Rh8 {[%emt 0:04:26]} 40. Bb3 {[%emt 0:01:08]} Rg8 {[%emt 0:00:09]} 41. a4 {[%emt 0:31:34]} Ke8 {[%emt 0:30:55]} 42. Rc1 {[%emt 0:00:00]} Nh3 {[%emt 0:00:00]} 43. Ree1 {[%emt 0:00:00]} Nf4 {[%emt 0:00:00]} 44. Rcd1 {[%emt 0:00:00]} Nf8 {[%emt 0:00:00]} 45. c4 {[%emt 0:00:00]} Bc8 {[%emt 0:00:00]} 46. Bc2 {[%emt 0:00:00]} Bh3# {[%emt 0:00:00]} 0-1

[Event "FRA-ch Open A-D 2018"]
[Site "Nimes"]
[Date "2018.08.20"]
[Round "3"]
[White "Swaidan, Ali"]
[Black "Girardot, Frederic"]
[Result "1-0"]
[WhiteElo "1488"]
[BlackElo "1399"]
[Annotator "NA"]
[PlyCount "125"]
[EventDate "2018.08.18"]
[EventType "tourn"]
[EventCountry "FRA"]
[SourceTitle "playchess.com"]
[Source "ChessBase"]
[SourceQuality "1"]
[TimeControl "40/5400+30:1800+30"]

1. d4 {[%emt 0:06:18]} d5 {[%emt 0:00:10]} 2. c4 {[%emt 0:00:57]} c6 {[%emt 0:00:25]} 3. Nc3 {[%emt 0:00:15]} Nf6 {[%emt 0:00:23]} 4. Nf3 {[%emt 0:00:06]} Bf5 {[%emt 0:00:56]} 5. Bf4 {[%emt 0:00:23]} e6 {[%emt 0:00:16]} 6. e3 {[%emt 0:00:09]} Nbd7 {[%emt 0:00:13]} 7. Bd3 {[%emt 0:00:56]} Bg6 {[%emt 0:00:46]} 8. O-O {[%emt 0:00:31]} Bb4 {[%emt 0:00:41]} 9. c5 {[%emt 0:01:56]} Ba5 {[%emt 0:00:31]} 10. Rb1 {[%emt 0:04:31]} Bc7 {[%emt 0:01:05]} 11. Bxc7 {[%emt 0:03:03]} Qxc7 {[%emt 0:00:19]} 12. b4 {[%emt 0:00:38]} O-O {[%emt 0:02:24]} 13. a4 {[%emt 0:01:47]} e5 {[%emt 0:02:03]} 14. Bxg6 {[%emt 0:07:28]} fxg6 {[%emt 0:00:33]} 15. dxe5 {[%emt 0:22:29]} Nxe5 {[%emt 0:00:31]} 16. Nxe5 {[%emt 0:02:04]} Qxe5 {[%emt 0:00:27]} 17. Ne2 {[%emt 0:07:43]} Rfe8 {[%emt 0:05:15]} 18. Qd4 {[%emt 0:05:03]} Qe6 {[%emt 0:04:10]} 19. b5 {[%emt 0:01:39]} Kh8 {[%emt 0:02:36]} 20. Nf4 {[%emt 0:03:01]} Qe7 {[%emt 0:00:23]} 21. Rb2 {[%emt 0:02:38]} Ne4 {[%emt 0:01:56]} 22. Nd3 {[%emt 0:01:28]} Qf6 {[%emt 0:04:13]} 23. Qb4 {[%emt 0:04:24]} Qc3 {[%emt 0:05:25]} 24. bxc6 {[%emt 0:03:37]} bxc6 {[%emt 0:10:44]} 25. Qxc3 {[%emt 0:00:56]} Nxc3 {[%emt 0:00:33]} 26. Rc1 {[%emt 0:00:18]} Ne4 {[%emt 0:03:45]} 27. Rcb1 {[%emt 0:01:22]} h6 {[%emt 0:02:01]} 28. a5 {[%emt 0:00:43]} Nc3 {[%emt 0:01:12]} 29. Rc1 {[%emt 0:00:51]} Nb5 {[%emt 0:00:20]} 30. Nf4 {[%emt 0:00:21]} Kh7 {[%emt 0:01:26]} 31. Nxd5 {[%emt 0:00:18]} Red8 {[%emt 0:02:25]} 32. Nb4 {[%emt 0:02:03]} Rac8 {[%emt 0:01:07]} 33. Nxc6 {[%emt 0:00:10]} Rxc6 {[%emt 0:00:07]} 34. Rxb5 {[%emt 0:00:27]} a6 {[%emt 0:00:13]} 35. Rbb1 {[%emt 0:01:20]} Rd5 {[%emt 0:00:08]} 36. Ra1 {[%emt 0:01:50]} Rcxc5 {[%emt 0:00:12]} 37. Rxc5 {[%emt 0:00:07]} Rxc5 {[%emt 0:00:24]} 38. h4 {[%emt 0:01:32]} g5 {[%emt 0:00:36]} 39. hxg5 {[%emt 0:04:06]} Rxg5 {[%emt 0:00:18]} 40. f3 {[%emt 0:03:11]} Rb5 {[%emt 0:00:44]} 41. Kf2 {[%emt 0:31:23]} Kg6 {[%emt 0:30:03]} 42. f4 {[%emt 0:05:31]} Kf6 {[%emt 0:00:34]} 43. Kf3 {[%emt 0:00:00]} g6 {[%emt 0:00:00]} 44. g3 {[%emt 0:00:00]} Ke6 {[%emt 0:00:00]} 45. e4 {[%emt 0:00:00]} h5 {[%emt 0:00:00]} 46. Ra3 {[%emt 0:00:00]} Kf7 {[%emt 0:00:00]} 47. g4 {[%emt 0:00:00]} hxg4+ {[%emt 0:00:00]} 48. Kxg4 {[%emt 0:00:00]} Kf6 {[%emt 0:00:00]} 49. e5+ {[%emt 0:00:00]} Ke6 {[%emt 0:00:00]} 50. Kg5 {[%emt 0:00:00]} Kf7 {[%emt 0:00:00]} 51. Rc3 {[%emt 0:00:00]} Rxa5 {[%emt 0:00:00]} 52. Rc7+ {[%emt 0:00:00]} Ke6 {[%emt 0:00:00]} 53. Kxg6 {[%emt 0:00:06]} Kd5 {[%emt 0:00:00]} 54. Kf6 {[%emt 0:01:28]} Ke4 {[%emt 0:00:00]} 55. Rc4+ {[%emt 0:02:43]} Kd5 {[%emt 0:00:00]} 56. Rb4 {[%emt 0:00:07]} Rc5 {[%emt 0:00:00]} 57. e6 {[%emt 0:00:24]} a5 {[%emt 0:00:00]} 58. Ra4 {[%emt 0:00:13]} Rc8 {[%emt 0:00:00]} 59. Rxa5+ {[%emt 0:00:06]} Kd6 {[%emt 0:00:00]} 60. Kf7 {[%emt 0:00:41]} Rc7+ {[%emt 0:00:00]} 61. Kf6 {[%emt 0:00:02]} Rh7 {[%emt 0:00:00]} 62. Ra6+ {[%emt 0:00:14]} Kd5 {[%emt 0:00:00]} 63. f5 {[%emt 0:00:42]} 1-0